Countries Beginning With PERU - Statistics

General Stats
  • This quiz has been taken 176 times
  • The average score is 24 of 29
Answer Stats
Hint Answer % Correct
P Peru
93%
R Rwanda
93%
U Uganda
92%
U United Kingdom
91%
R Republic of the {Congo}
90%
R Russia
90%
U United States
90%
U Uruguay
90%
E Ecuador
89%
E Estonia
87%
P Panama
86%
P Poland
86%
U Uzbekistan
86%
U United Arab Emirates
85%
E Eritrea
84%
P Palau
84%
P Portugal
84%
R Romania
84%
E Ethiopia
80%
P Paraguay
78%
P Philippines
78%
U Ukraine
78%
P Pakistan
77%
E East Timor
73%
E Egypt
71%
E El Salvador
71%
E Eswatini
71%
E Equatorial Guinea
69%
P Papua New Guinea
66%
No matching quizzes found
Score Distribution
Percent of People with Each Score
Percentile by Number Answered
Your Score History
You have not taken this quiz